000
00306nam a2200097Ia 4500
008
220204s9999 xx 000 0 und d
082
_a
NR:631.8 1981
_b
RRM;1
245
0
_a
RRIM training manual on soils, management of soils and nutrition of hevea March 1981
260
_a
Kuala Lumpur
_b
RRIM
_c
1981
942
_c
BK
999
_c
43326
_d
43326